Science Quiz

Random Science or Animal Quiz

Island Extinctions Quiz Stats

 Plays Quiz not verified by Sporcle

Support Sporcle.
Go Orange.
Score 0/20 Timer 05:00
0 Plays Today
% Correct
Dodo (Raphus cucullatus)
86.8%
Pinta Island tortoise (Chelonoidis nigra abingdonii)
80.3%
Javan tiger (Panthera tigris sondaica)
75.4%
Thylacine (Thylacinus cynocephalus)
65.4%
Falkland Islands wolf (Dusicyon australis)
64.9%
New Zealand greater short-tailed bat (Mystacina robusta)
60.3%
Moa (six genera)
51.6%
Pygmy Elephant (Palaeoloxodon falconeri)
51.4%
Cuban red macaw (Ara tricolor)
47%
Formosan clouded leopard (Neofelis nebulosa brachyura)
45.7%
% Correct
Koala Lemur (Megaladapis sp.)
33%
Spectacled cormorant (Phalacrocorax perspicillatus)
30.3%
King Island emu (Dromaius novaehollandiae minor)
29.2%
Stephens Island wren (Xenicus lyalli)
25.7%
Sardinian pika (Prolagus sardus)
22.2%
Cape Verde Giant Skink (Macroscincus coctei)
18.4%
Guadalupe caracara (Caracara lutosa)
16.8%
Mauritius blue pigeon (Alectroenas nitidissima)
12.4%
Martinique muskrat (Megalomys desmarestii)
12.4%
New Zealand Grayling (Prototroctes oxyrhynchus)
7.3%

You're not logged in!

Compare scores with friends on all Sporcle quizzes.
OR
Log In

From the Vault

Gimme Five: Population

by olliek

Who invited all these people anyway?
Remove Ads.
Support Sporcle.
Get the best of Sporcle when you Go Orange. This ad-free experience offers more features, more stats, and more fun while also helping to support Sporcle. Thank you for becoming a member.

Show Comments

Extras

Top Quizzes Today


Score Distribution

Your Account Isn't Verified!

In order to create a playlist on Sporcle, you need to verify the email address you used during registration. Go to your Sporcle Settings to finish the process.

Report this User

Report this user for behavior that violates our Community Guidelines.

Details: